| 000 -LEADER |
| fixed length control field |
01665cam a22003734a 4500 |
| 001 - CONTROL NUMBER |
| control field |
14095091 |
| 003 - CONTROL NUMBER IDENTIFIER |
| control field |
NUST-PNEC |
| 005 - DATE AND TIME OF LATEST TRANSACTION |
| control field |
20170116180921.0 |
| 008 - FIXED-LENGTH DATA ELEMENTS--GENERAL INFORMATION |
| fixed length control field |
050901s2007 nyua 001 0 eng |
| 010 ## - LIBRARY OF CONGRESS CONTROL NUMBER |
| LC control number |
2005054228 |
| 015 ## - NATIONAL BIBLIOGRAPHY NUMBER |
| National bibliography number |
GBA596917 |
| Source |
bnb |
| 016 7# - NATIONAL BIBLIOGRAPHIC AGENCY CONTROL NUMBER |
| Record control number |
013337688 |
| Source |
Uk |
| 020 ## - INTERNATIONAL STANDARD BOOK NUMBER |
| International Standard Book Number |
0471736961 (alk. paper) |
| 020 ## - INTERNATIONAL STANDARD BOOK NUMBER |
| International Standard Book Number |
9780471736967 (alk. paper) |
| 035 ## - SYSTEM CONTROL NUMBER |
| System control number |
(OCoLC)ocm61463872 |
| 040 ## - CATALOGING SOURCE |
| Original cataloging agency |
DLC |
| Transcribing agency |
LIBRARY |
| Modifying agency |
YDX |
| -- |
BAKER |
| -- |
UKM |
| -- |
DLC |
| 042 ## - AUTHENTICATION CODE |
| Authentication code |
pcc |
| 050 00 - LIBRARY OF CONGRESS CALL NUMBER |
| Classification number |
TA403 |
| Item number |
.C23 2007 |
| 082 00 - DEWEY DECIMAL CLASSIFICATION NUMBER |
| Classification number |
620.11 CAL |
| 100 1# - MAIN ENTRY--PERSONAL NAME |
| Personal name |
Callister, William D., |
| Titles and words associated with a name |
Jr., |
| Dates associated with a name |
1940- |
| 245 10 - TITLE STATEMENT |
| Title |
Materials science and engineering :an introduction / |
| Statement of responsibility, etc. |
William D. Callister, Jr. |
| 250 ## - EDITION STATEMENT |
| Edition statement |
2nd ed. |
| 260 ## - PUBLICATION, DISTRIBUTION, ETC. |
| Place of publication, distribution, etc. |
New York : |
| Name of publisher, distributor, etc. |
John Wiley & Sons, |
| Date of publication, distribution, etc. |
c.2007. |
| 300 ## - PHYSICAL DESCRIPTION |
| Extent |
xxv, 721, A41, G14, S5, I22 p. : |
| Other physical details |
ill. (some col.) ; |
| Dimensions |
27 cm. |
| 500 ## - GENERAL NOTE |
| General note |
Includes index. http://www.amazon.com/Materials-Science-Engineering-William-Callister/dp/0471736961/ref=sr_1_1?s=books&ie=UTF8&qid=1399015602&sr=1-1&keywords=0471736961 |
| 504 ## - BIBLIOGRAPHY, ETC. NOTE |
| Bibliography, etc. note |
Includes bibliographical references and index. |
| 650 #0 - SUBJECT ADDED ENTRY--TOPICAL TERM |
| Topical term or geographic name entry element |
Materials. |
| General subdivision |
ME |
| 856 42 - ELECTRONIC LOCATION AND ACCESS |
| Materials specified |
Publisher description |
| Uniform Resource Identifier |
<a href="http://www.loc.gov/catdir/enhancements/fy0625/2005054228-d.html">http://www.loc.gov/catdir/enhancements/fy0625/2005054228-d.html</a> |
| 856 41 - ELECTRONIC LOCATION AND ACCESS |
| Materials specified |
Table of contents only |
| Uniform Resource Identifier |
<a href="http://www.loc.gov/catdir/enhancements/fy0625/2005054228-t.html">http://www.loc.gov/catdir/enhancements/fy0625/2005054228-t.html</a> |
| 856 42 - ELECTRONIC LOCATION AND ACCESS |
| Materials specified |
Contributor biographical information |
| Uniform Resource Identifier |
<a href="http://www.loc.gov/catdir/enhancements/fy0814/2005054228-b.html">http://www.loc.gov/catdir/enhancements/fy0814/2005054228-b.html</a> |
| 906 ## - LOCAL DATA ELEMENT F, LDF (RLIN) |
| a |
7 |
| b |
cbc |
| c |
orignew |
| d |
1 |
| e |
ocip |
| f |
20 |
| g |
y-gencatlg |
| 942 ## - ADDED ENTRY ELEMENTS (KOHA) |
| Source of classification or shelving scheme |
|
| Koha item type |
Book |